000 01244cam a22003255i 4500
999 _c27993
_d27964
001 15755135
003 EG-ScBUE
005 20200205111937.0
008 090529t20122012maua f b 001 0 eng d
020 _a0312676093 (Student Edition without Handbook; MLA Update)
020 _a9780312676094 (Student Edition without Handbook; MLA Update)
040 _aDLC
_beng
_erda
_cDLC
_dDLC
_dEG-ScBUE
082 0 4 _a808.042
_bMCW
_222
100 1 _aMcWhorter, Kathleen T.,
_eauthor.
_924403
245 1 0 _aSuccessful college writing :
_bskills, strategies, learning styles /
_cKathleen T. McWhorter, Niagara County Community College.
250 _aBrief fifth edition.
264 1 _aBoston :
_aNew York, NY :
_bBedford / St. Martins,
_c[2012]
264 4 _cc2012
300 7 _aIi, 773 pages :
_billustrations ;
_c23 cm
336 _atext
_btxt
_2rdacontent
337 _aunmediated
_bn
_2rdamedia
338 _avolume
_bnc
_2rdacarrier
504 _aIncludes bibliographical references and index.
650 7 _aEnglish language
_xRhetoric
_vProblems, exercises, etc.
_2BUEsh
650 7 _aReport writing
_vProblems, exercises, etc.
_2BUEsh
650 7 _aEnglish language
_xRhetoric.
_2BUEsh
651 _2BUEsh
653 _bHHUUEENN
942 _2ddc
_cBB